00237pam a2200097 a 4500020000500000041000500005082001700010245005500027260004100082300001600123 c h a741.685bPAG aLetterhead and Business Card2 hTextual Documents a[s.l]:bpage one Publishing ,c2011. a356:bHard.